Statistics for 50 most populated cities 2024

Click here to take the quiz!

General Stats

  • This quiz has been taken 47 times
  • The average score is 34 of 50

Answer Stats

CountryAnswer% Correct
JapanTokyo
100%
MexicoMexico City
98%
United StatesNew York
98%
ChinaBeijing
95%
TurkeyIstanbul
95%
RussiaMoscow
95%
ArgentinaBuenos Aires
93%
EgyptCairo
93%
FranceParis
93%
BrazilRio de Janeiro
93%
IndiaDelhi
90%
United KingdomLondon
90%
PhilippinesManila
88%
ChinaShanghai
88%
IndiaMumbai
86%
BrazilSao Paulo
86%
ThailandBangkok
83%
PeruLima
83%
United StatesLos Angeles
83%
ColombiaBogota
81%
South KoreaSeoul
81%
IndonesiaJakarta
79%
JapanOsaka
79%
BangladeshDhaka
76%
NigeriaLagos
74%
VietnamHo Chi Minh City
67%
MalaysiaKuala Lumpur
67%
IranTehran
67%
United StatesChicago
64%
IndiaKolkata
64%
ChinaWuhan
64%
ChinaHong Kong
60%
PakistanKarachi
60%
ChinaGuangzhou
57%
AngolaLuanda
57%
PakistanLahore
55%
IndiaBangalore
52%
IndiaHyderabad
52%
IndiaChennai
50%
IndiaAhmedabad
45%
ChinaChongqing
45%
JapanNagoya
45%
ChinaNanjing
43%
ChinaXi'an
43%
ChinaChengdu
40%
ChinaHangzhou
36%
ChinaShenzhen
33%
ChinaShenyang
26%
ChinaDongguan
12%
ChinaFoshan
12%

Score Distribution

Percentile by Number Answered

Percent of People with Each Score

Your Score History

You have not taken this quiz